|
|
|
|
| LEADER |
01144nam a2200313 a 4500 |
| 001 |
nkc20132465725 |
| 003 |
CZ PrNK |
| 005 |
20131030111901.0 |
| 007 |
ta |
| 008 |
131003s2013 xr k e 000 0 cze |
| 020 |
|
|
|z 978-80-7427-133-5
|q (brož.)
|
| 040 |
|
|
|a ABA001
|b cze
|
| 072 |
|
7 |
|a 631
|x Zemědělství. Pedologie. Agrotechnika. Agroekologie
|2 Konspekt
|9 24
|
| 080 |
|
|
|a 631.8
|2 MRF
|
| 080 |
|
|
|a (083.2)
|2 MRF
|
| 100 |
1 |
|
|a Klír, Jan,
|d 1955-
|7 jo20000080433
|4 aut
|
| 245 |
1 |
0 |
|a Evidence hnojení :
|b evidence o použití hnojiv, pomocných látek a upravených kalů na zemědělské půdě, podle zákona o hnojivech /
|c [autor Jan Klír]
|
| 260 |
|
|
|a Praha :
|b Výzkumný ústav rostlinné výroby,
|c c2013
|
| 300 |
|
|
|a [72] s. :
|b formuláře ;
|c 30 cm
|
| 500 |
|
|
|a Název z obálky
|
| 650 |
0 |
7 |
|a hnojení
|7 ph120767
|2 czenas
|
| 650 |
0 |
9 |
|a fertilizing
|2 eczenas
|
| 655 |
|
7 |
|a formuláře
|7 fd132275
|2 czenas
|
| 655 |
|
9 |
|a forms
|2 eczenas
|
| 910 |
2 |
|
|a BOA001
|b 4-1310.971
|
| 990 |
|
|
|a BK
|
| 995 |
|
|
|a 11
|
| 991 |
|
|
|b 201310
|c NOV
|e n
|
| 996 |
6 |
|
|b 2610564336
|c 4-1310.971
|l MZK
|r Sklad / do 1 hodiny
|n 0
|p p.v.
|w 001368179
|u 000010
|a 1
|e BOA001
|j MZK50
|s P
|